00254nam a2200097Ia 4500008004100000041000800041100002900049245003100078260004000109365000700149231011s9999 xx 000 0 und d aeng aOwler L.W.J. Brown. J.K. aWheldons Cost Accounting . bEnglish Language B.Agency. Londen - b53